000 00450nam a22001577a 4500
003 NUST
005 20260408135324.0
008 260408b ||||| |||| 00| 0 eng d
082 _a519.9
_bSER
100 _aSher Muhammad Chaudary.
_9133993
245 _aIntroduction to Statistical Theory Part 2 /
_cSher Muhammad Chaudary.
260 _aPakistan:
_bIlm Kitab Khana,
_c2005.
300 _a577 p ;
_c28.3 cm
563 _aPaperback
942 _2ddc
_cBK
999 _c616910
_d616910